Statistics for World Trivia#2

Click here to take the quiz!

General Stats

  • This quiz has been taken 28 times
    (26 since last reset)
  • The average score is 5 of 10

Answer Stats

HintCountry% Correct
Istanbul is a city in what country?Turkey
96%
What country has the most lakes?Canada
75%
What country is France's longest land border with?Brazil
58%
What country has the highest murders per 100,000 people?El Salvador
58%
Where is Serengeti located?Tanzania
54%
What is the happiest country in Asia?Bhutan
50%
Where is the Uyuni Salt Flat located?Bolivia
33%
What country has the most overweight population?Nauru
33%
Banjul is the capital of what country?Gambia
29%
What is the least populated country to win a Olympics medal?Liechtenstein
21%

Score Distribution

Percentile by Number Answered

Percent of People with Each Score

Your Score History

You have not taken this quiz since the last reset